LEADER 02251oam 2200613 450 001 9910714271703321 005 20181121135758.0 035 $a(CKB)4330000001272289 035 $a(OCoLC)127106844 035 $a(EXLCZ)994330000001272289 100 $a20070515d2007 ua 0 101 0 $aeng 135 $aurcn||||||||| 181 $ctxt$2rdacontent 182 $cc$2rdamedia 183 $acr$2rdacarrier 200 10$aReconnaissance study of the hydrology of American Memorial Park, Island of Saipan, commonwealth of the northern Mariana Islands /$fby Jeff A. Perreault ; prepared in cooperation with the National Park Service 205 $aVersion 1.0. 210 1$aReston, Va. :$cU.S. Department of the Interior, U.S. Geological Survey,$d2007. 215 $a1 online resource (v, 31 pages) $ccolor illustrations, color maps 225 1 $aScientific investigations report ;$v2007-5042 300 $aAt head of title on HTML title screen: Pacific Islands Water Science Center. 320 $aIncludes bibliographical references (pages 29-31). 606 $aHydrology$zNorthern Mariana Islands$zAmerican Memorial Park 606 $aWetlands$zNorthern Mariana Islands$zAmerican Memorial Park 606 $aSaline waters$zNorthern Mariana Islands$zAmerican Memorial Park 606 $aHydrology$2fast 606 $aSaline waters$2fast 606 $aWetlands$2fast 607 $aNorthern Mariana Islands$zAmerican Memorial Park$2fast 615 0$aHydrology 615 0$aWetlands 615 0$aSaline waters 615 7$aHydrology. 615 7$aSaline waters. 615 7$aWetlands. 700 $aPerreault$b Jeff A.$01384238 712 02$aGeological Survey (U.S.), 712 02$aUnited States.$bNational Park Service. 712 02$aUSGS Pacific Islands Water Science Center. 801 0$bGIS 801 1$bGIS 801 2$bOCLCQ 801 2$bOCLCO 801 2$bOCLCF 801 2$bOCLCQ 801 2$bOCLCA 801 2$bOCL 801 2$bOCLCQ 801 2$bGPO 906 $aBOOK 912 $a9910714271703321 996 $aReconnaissance study of the hydrology of American Memorial Park, Island of Saipan, commonwealth of the northern Mariana Islands$93511224 997 $aUNINA LEADER 02698oam 2200505 450 001 9910778318803321 005 20170523091616.0 010 $a1-282-29668-X 010 $a9786612296680 010 $a3-598-44039-1 024 7 $a10.1515/9783598440397 035 $a(OCoLC)470260926 035 $a(MiFhGG)GVRL2ESB 035 $a(EXLCZ)991000000000790784 100 $a20091105d2009 uy 0 101 0 $aeng 135 $aurun|---uuuua 181 $ctxt 182 $cc 183 $acr 200 00$aFunctional requirements for authority data $ea conceptual model /$fedited by Glenn E. Patton, IFLA Working Group on Functional Requirements and Numbering of Authority Records (FRANAR) 210 $aMu?nchen $cK. G. Saur$d2009 210 1$aMunchen :$cK.G. Saur,$d2009. 215 $a1 online resource (101 pages) $cillustrations 225 1 $aIFLA series on bibliographic control ;$vv. 34 300 $a"Final report, December 2008, approved by the Standing Committees of the IFLA Cataloguing Section and the IFLA Classification and Indexing Section, March 2009." 311 $a3-598-24282-4 320 $aIncludes bibliographical references and index. 327 $t Frontmatter -- $tContents -- $tIntroduction -- $tMembers of the IFLA Working Group on Functional Requirements and Numbering of Authority Records -- $t1. Purpose -- $t2. Scope -- $t3. Entity-Relationship Diagram and Definitions -- $t4. Attributes -- $t5. Relationships -- $t6. User Tasks -- $t Backmatter 330 $aThis book represents an important part of the extension and expansion of the Functional Requirements for Bibliographic Records. It contains an analysis of attributes of various entities that are the centre of focus for authority data (persons, families, corporate bodies, works, expressions, manifestations, items, concepts, objects, events, and places), the name by which these entities are known, and the controlled access points created by cataloguers for them. The conceptual model describes the attributes of these entities and the relationships between them. 410 0$aIFLA series on bibliographic control. 606 $aAuthority files (Information retrieval) 606 $aEntity-relationship modeling 615 0$aAuthority files (Information retrieval) 615 0$aEntity-relationship modeling. 676 $a025.4 676 $a025.47 702 $aPatton$b Glenn E. 712 02$aIFLA Working Group on Functional Requirements and Numbering of Authority Records (FRANAR) 801 0$bMiFhGG 801 1$bMiFhGG 906 $aBOOK 912 $a9910778318803321 996 $aFunctional requirements for authority data$93871085 997 $aUNINA